Normal view
MARC view
- Law, Violence, Policing and Prevention
Entry Topical Term
001 - CONTROL NUMBER
- control field: 128393
003 - CONTROL NUMBER IDENTIFIER
- control field: NUST
005 - DATE AND TIME OF LATEST TRANSACTION
- control field: 20250317114743.0
008 - FIXED-LENGTH DATA ELEMENTS
- fixed length control field: 250317|| aca||aabn | a|a d
040 ## - CATALOGING SOURCE
- Original cataloging agency: NUST
- Transcribing agency: NUST
150 ## - HEADING--TOPICAL TERM
- Topical term or geographic name entry element: Law, Violence, Policing and Prevention
670 ## - SOURCE DATA FOUND
- Source citation: Work cat.: (NUST): Roberts, Karl Anton 128392, Honor-Based Violence:, 2014.
